استراتيجيات و أساليب تدريس مادة التربية الفنية للمراحل التعليمية المختلفة / (رقم التسجيلة. 3168)
[ عرض عادي ]
| 000 -LEADER | |
|---|---|
| fixed length control field | 00702nam a22001937a 4500 |
| 005 - DATE AND TIME OF LATEST TRANSACTION | |
| control field | 20251108164100.0 |
| 008 - FIXED-LENGTH DATA ELEMENTS--GENERAL INFORMATION | |
| fixed length control field | 250721s2011 xx 000 0 ara d |
| 082 14 - DEWEY DECIMAL CLASSIFICATION NUMBER | |
| Classification number | 371.3/مهن |
| 100 1# - MAIN ENTRY--PERSONAL NAME | |
| Personal name | المهنا، عبد الله مهنا |
| 245 10 - TITLE STATEMENT | |
| Title | استراتيجيات و أساليب تدريس مادة التربية الفنية للمراحل التعليمية المختلفة / |
| 264 1# - PRODUCTION, PUBLICATION, DISTRIBUTION, MANUFACTURE, AND COPYRIGHT NOTICE | |
| Place of production, publication, distribution, manufacture | عمان : |
| Name of producer, publisher, distributor, manufacturer | دار حنين للنشر و التوزيع، |
| Date of production, publication, distribution, manufacture, or copyright notice | 2011. |
| 300 ## - PHYSICAL DESCRIPTION | |
| Extent | 262ص. |
| 650 17 - SUBJECT ADDED ENTRY--TOPICAL TERM | |
| Topical term or geographic name as entry element | التربية الفنية |
| 650 17 - SUBJECT ADDED ENTRY--TOPICAL TERM | |
| Topical term or geographic name as entry element | اساليب التدريس |
| 650 17 - SUBJECT ADDED ENTRY--TOPICAL TERM | |
| Topical term or geographic name as entry element | المناهج |
| 700 1# - ADDED ENTRY--PERSONAL NAME | |
| Personal name | الحداد، عبد الله عيسى |
| 942 ## - ADDED ENTRY ELEMENTS (KOHA) | |
| Source of classification or shelving scheme | Dewey Decimal Classification |
| Koha item type | كتب |
| حالة السحب | حالة الفقدان | مصدر التصنيف | حالة التلف | غير قابل للإعارة | المكتبة الرئيسية | المكتبة الحالية | موقع الرف | تاريخ التزويد | الرقم المتسلسل | Total Checkouts | رقم الإستدعاء | الباركود | تاريخ آخر ظهور | تاريخ الفاتورة | نوع المادة (كوها) |
|---|---|---|---|---|---|---|---|---|---|---|---|---|---|---|---|
| Withdrawn | Dewey Decimal Classification | المكتبة المركزية | المكتبة المركزية | الإعارة | 28/07/2025 | 1506227 | 371.3/مهن | PLD00236366 | 28/07/2025 | 28/07/2025 | كتب | ||||
| Dewey Decimal Classification | المكتبة المركزية | المكتبة المركزية | الإعارة | 17/12/2011 | 1506228 | 371.3/مهن | PLD00236468 | 28/07/2025 | 17/12/2011 | كتب | |||||
| Withdrawn | Dewey Decimal Classification | المكتبة المركزية | المكتبة المركزية | الإعارة | 24/10/2015 | 1614090 | 371.3/مهن | PLD00359165 | 28/07/2025 | 24/10/2015 | كتب | ||||
| Dewey Decimal Classification | مكتبة أبو علندا العامة | مكتبة أبو علندا العامة | الإعارة | 17/12/2011 | 1506230 | 371.3/مهن | PLD00236470 | 28/07/2025 | 17/12/2011 | كتب | |||||
| Dewey Decimal Classification | مكتبة الأميرة ايمان العامة | مكتبة الأميرة ايمان العامة | الإعارة | 17/12/2011 | 1506231 | 371.3/مهن | PLD00236471 | 28/07/2025 | 17/12/2011 | كتب | |||||
| Dewey Decimal Classification | مكتبة وادي السير العامة | مكتبة وادي السير العامة | الإعارة | 17/12/2011 | 1506229 | 371.3/مهن | PLD00236469 | 28/07/2025 | 17/12/2011 | كتب |